[Event "Erandio op 27th"]
[Site "Erandio"]
[Date "2018.12.15"]
[Round "1"]
[White "Valverde Urbano, Alejandro"]
[Black "Prieto Aranguren, Alain"]
[Result "0-1"]
[WhiteElo "1647"]
[BlackElo "2242"]
[PlyCount "87"]
[EventDate "2018.12.15"]
[EventType "swiss"]
[EventRounds "8"]
[EventCountry "ESP"]
[SourceTitle "EXT 2020"]
[Source "ChessBase"]
[SourceDate "2019.10.17"]
[SourceVersion "1"]
[SourceVersionDate "2019.10.17"]
[SourceQuality "1"]

1. d4 Nf6 2. Nf3 g6 3. Bf4 c5 4. e3 cxd4 5. exd4 d5 6. Be2 Nc6 7. 0-0 Qb6 8. Nc3 a6 9. Na4 Qd8 10. Nc3 Bg7 11. Qd2 0-0 12. Rad1 Bf5 13. Ne5 Rc8 14. a3 Na5 15. Rfe1 b5 16. Bd3 Bxd3 17. Nxd3 Nc4 18. Qc1 e6 19. h3 Nd7 20. Bh6 Nxa3 21. Bxg7 Kxg7 22. Qf4 Nc4 23. Ra1 Qb6 24. Ra2 a5 25. Rea1 Ra8 26. b3 Nd6 27. Kh2 Rfc8 28. Ne2 Nb7 29. Nb4 Qc7 30. Qxc7 Rxc7 31. Nd3 Rac8 32. c3 Nf6 33. f3 Ne8 34. Kg3 Ned6 35. Kf4 f6 36. g4 h5 37. Ke3 Rh8 38. Ndf4 hxg4 39. hxg4 Rh2 40. Re1 g5 41. Nd3 a4 42. Nc5 Nxc5 43. dxc5 axb3 44. cxd6 0-1

[Event "Erandio op 23rd"]
[Site "Erandio"]
[Date "2014.12.20"]
[Round "1"]
[White "Diez Fraile, David"]
[Black "Valverde Urbano, Alejandro"]
[Result "1-0"]
[WhiteElo "2147"]
[BlackElo "1711"]
[PlyCount "111"]
[EventDate "2014.12.20"]
[EventType "swiss"]
[EventRounds "8"]
[EventCountry "ESP"]
[SourceTitle "CBM 164 Extra"]
[Source "ChessBase"]
[SourceDate "2015.03.02"]
[SourceVersion "1"]
[SourceVersionDate "2015.03.02"]
[SourceQuality "1"]

1. d4 Nf6 2. Nf3 e6 3. c4 d5 4. g3 c5 5. cxd5 exd5 6. Bg2 Be7 7. 0-0 0-0 8. Nc3 b6 9. Ne5 Bb7 10. dxc5 Bxc5 11. Nd3 Nbd7 12. Nf4 Ne4 13. Nfxd5 Nxc3 14. Nxc3 Bxg2 15. Kxg2 Nf6 16. Qxd8 Raxd8 17. Bg5 Be7 18. Rad1 h6 19. Bf4 Rfe8 20. Rxd8 Rxd8 21. Rd1 Rxd1 22. Nxd1 Nd5 23. Bd2 a5 24. e4 Nb4 25. Bxb4 Bxb4 26. Kf3 f6 27. h4 h5 28. Ne3 Kf7 29. Ke2 g6 30. a4 Ke6 31. Nc4 Bc5 32. f3 Bd4 33. b3 Bc5 34. Ne3 Ke5 35. Kd3 Kd6 36. g4 Ke5 37. gxh5 gxh5 38. Nf5 Kf4 39. Ng7 Kxf3 40. Nxh5 Be7 41. Ng7 Kf4 42. Nf5 Bc5 43. h5 Kg5 44. h6 Kg6 45. Kc4 Bb4 46. Kd5 Bf8 47. Ke6 Bc5 48. Ne7+ Kxh6 49. Kxf6 Bd4+ 50. e5 Kh7 51. Nf5 Bc3 52. Nd6 Kg8 53. Ke6 Kf8 54. Nc4 Bd4 55. Kd7 Bc5 56. e6 1-0